| 000 | 00485nam a2200181Ia 4500 | ||
|---|---|---|---|
| 008 | 180207s9999 xx 000 0 und d | ||
| 020 | _a9789715082246 | ||
| 050 | _bV718 2003 | ||
| 100 | _aVillanueva, Rene O. | ||
| 245 | _aPatrolman ngiyaw / | ||
| 245 | _cby Rene O. Villanueva ; illustrated by Renato Gamos. | ||
| 260 | _aQuezon City, Philippines : | ||
| 260 | _bAdarna House, | ||
| 260 | _c2003 | ||
| 300 | _aunpaged : | ||
| 300 | _bcolor illustration ; | ||
| 300 | _c22cm. | ||
| 999 |
_c355806 _d355806 |
||